[Event "ch-ISL"]
[Site "Seltjarnarnes ISL"]
[Date "2002.08.29"]
[Round "10"]
[White "Vidarsson,J"]
[Black "Thorfinnsson,Bj"]
[Result "1-0"]
[WhiteElo "2378"]
[BlackElo "2314"]
[EventDate "2002.08.20"]

1. e4 e5 2. Bc4 Nc6 3. c3 Nf6 4. Qe2 Be7 5. Nf3 O-O 6. d3 d6 7. Bb3 Be6 8.
Nbd2 d5 9. O-O h6 10. Re1 Bd6 11. Nf1 Kh8 12. Ng3 Re8 13. Nh4 Ne7 14. h3
dxe4 15. dxe4 g5 16. Qf3 Nh7 17. Nhf5 Nxf5 18. exf5 Bxb3 19. axb3 b6 20.
Ne4 Nf6 21. h4 g4 22. Qe3 Bf8 23. g3 a5 24. Qe2 Nxe4 25. Qxe4 h5 26. f3
Bc5+ 27. Kg2 Rg8 28. Qxe5+ f6 29. Qf4 gxf3+ 30. Qxf3 Rg4 31. Bf4 Rc8 32.
Re6 Qf8 33. Rae1 Kh7 34. R1e4 Qf7 35. Be3 Bd6 36. Rxg4 hxg4 37. Qe4 Rd8 38.
Bd4 Bf8 39. Rxf6 Qxb3 40. Qxg4 Qd5+ 41. Kh2 1-0

[Event "ch-ISL"]
[Site "Seltjarnarnes ISL"]
[Date "2002.08.29"]
[Round "10"]
[White "Stefansson,H"]
[Black "Bjarnason,S"]
[Result "1/2-1/2"]
[WhiteElo "2588"]
[BlackElo "2264"]
[EventDate "2002.08.20"]

1. d4 Nf6 2. c4 e6 3. Nc3 c5 4. d5 exd5 5. cxd5 d6 6. e4 g6 7. f4 Bg7 8.
Bb5+ Nfd7 9. a4 O-O 10. Nf3 Na6 11. O-O Nc7 12. Bc4 Rb8 13. Re1 a6 14. Qd3
Re8 15. Bd2 b5 16. axb5 axb5 17. Nxb5 Nxb5 18. Bxb5 c4 19. Bxc4 Nc5 20. Qf1
Rxe4 21. Be3 Bxb2 22. Bxc5 Rxe1 23. Rxe1 dxc5 24. Ne5 Ra8 25. d6 Qxd6 26.
Nxf7 Qd4+ 27. Kh1 Kg7 28. Ng5 Ra7 29. Qe2 Bc3 30. Rf1 Qd8 31. h3 Re7 32.
Qa2 h6 33. Qb3 Bf6 34. Ne6+ Bxe6 35. Bxe6 Ra7 36. Qb5 Bd4 37. f5 gxf5 38.
Qd3 f4 39. Bb3 Qf6 40. Bc2 c4 41. Qh7+ Kf8 42. Qe4 Rf7 43. Rb1 Bb6 44. Qxc4
f3 45. Qb4+ Kg7 46. Qg4+ Kf8 47. Bb3 fxg2+ 48. Qxg2 Rg7 49. Qa8+ Ke7 50.
Re1+ Kd6 51. Re6+ Qxe6 52. Bxe6 Kxe6 53. Qc6+ Kf7 54. Qxb6 Rg6 55. Qc7+ Kg8
56. Kh2 Rg7 57. Qc8+ Kh7 58. h4 Rg6 59. Qf5 Kg7 60. Kh3 Rg1 61. Qc5 Rg6 62.
Qe5+ Kg8 63. Qf5 Rg7 64. Qe5 Kh7 65. Qe4+ Kh8 66. Kh2 Kg8 67. Qe6+ Kh7 68.
Kh3 Rg8 1/2-1/2

[Event "ch-ISL"]
[Site "Seltjarnarnes ISL"]
[Date "2002.08.29"]
[Round "10"]
[White "Bjornsson,S"]
[Black "Kristjansson,S"]
[Result "1/2-1/2"]
[WhiteElo "2357"]
[BlackElo "2428"]
[EventDate "2002.08.20"]

1. d4 e6 2. c4 Nf6 3. Nf3 b6 4. a3 Ba6 5. Qc2 Bb7 6. Nc3 c5 7. e4 cxd4 8.
Nxd4 d6 9. Be2 Nbd7 10. Be3 Be7 11. O-O a6 12. f3 O-O 13. Rac1 Qc7 14. Qd2
Rac8 15. Kh1 Qb8 16. b4 Rfe8 17. Rc2 Bd8 18. Rb1 Bc7 19. Bg1 Kh8 20. Na4
Ba8 21. Qc1 d5 22. exd5 exd5 23. c5 Bf4 24. Qf1 b5 25. Nb2 Ne5 26. Nd3 Nxd3
27. Bxd3 Re5 28. g3 Be3 29. Bxe3 Rxe3 30. Re1 Qe5 31. Rxe3 Qxe3 32. Nf5 Qe5
33. Nd6 Rf8 34. Qe2 Qa1+ 35. Kg2 Bc6 36. Ra2 Qc3 37. Qd2 Qe5 38. a4 bxa4
39. Bxa6 d4 40. Qe2 Qh5 41. Bd3 Nd5 42. Be4 Nxb4 43. Bxc6 Nxc6 44. Qc4 Kg8
45. Rxa4 Rb8 46. Ra2 h6 47. Re2 d3 1/2-1/2

[Event "ch-ISL"]
[Site "Seltjarnarnes ISL"]
[Date "2002.08.29"]
[Round "10"]
[White "Thorsteinsson,T"]
[Black "Gunnarsson,J"]
[Result "0-1"]
[WhiteElo "2332"]
[BlackElo "2357"]
[EventDate "2002.08.20"]

1. d4 Nf6 2. c4 c5 3. d5 b5 4. cxb5 a6 5. bxa6 g6 6. Nc3 Bxa6 7. g3 d6 8.
Bg2 Nbd7 9. Rb1 Bg7 10. Nf3 Nb6 11. b3 Bb7 12. Nh4 O-O 13. a4 Ra6 14. O-O
Qa8 15. e4 Nfd7 16. Nb5 Qd8 17. Bd2 Ra8 18. Re1 Ba6 19. Bf1 Nc8 20. Ng2 Na7
21. Nxa7 Rxa7 22. Bxa6 Rxa6 23. Ne3 Qa8 24. Nc4 Ne5 25. Qe2 Nxc4 26. Qxc4
Rb8 27. a5 Rxa5 28. Bxa5 Qxa5 29. b4 cxb4 30. Rec1 Qb6 31. Rb3 Bd4 32. Rc2
f6 33. Kg2 Bc5 34. e5 Qb5 35. Qxb5 Rxb5 36. exf6 exf6 37. Ra2 f5 38. Ra6
Kf7 39. f4 Rb7 40. Kf3 h6 41. h3 Re7 42. Ra1 Re4 43. Rd1 g5 44. Rb2 Re3+
45. Kg2 gxf4 46. gxf4 Kg6 47. Rf1 Rd3 48. Re2 Rxd5 49. Re6+ Kf7 50. Rxh6
Rd2+ 51. Kf3 b3 52. Rh7+ Ke6 53. Rb7 Rd3+ 54. Ke2 Re3+ 55. Kd2 Rxh3 56. Rb1
Rh2+ 57. Kd3 Kd5 58. R1xb3 Rf2 59. Rb1 Rxf4 60. Re1 Rf3+ 61. Ke2 Rf2+ 62.
Kd3 f4 63. Rf7 Bd4 64. Rf5+ Be5 65. Re2 Rf3+ 66. Kd2 Ra3 67. Rf8 Kd4 68.
Ke1 f3 69. Rd2+ Ke3 70. Rd1 Ra2 71. Rb1 Bc3+ 72. Kf1 Rf2+ 73. Kg1 Rg2+ 74.
Kf1 Rh2 75. Re8+ Kd2 76. Kg1 Re2 77. Rf8 Bd4+ 78. Kf1 f2 79. Kg2 Re1 80.
Rb4 Rg1+ 81. Kh3 Ke3 82. Rxd4 Kxd4 83. Rxf2 d5 84. Rf8 Kd3 85. Kh2 Rg7 86.
Rd8 d4 87. Kh1 Ke3 88. Re8+ Kd2 89. Kh2 d3 90. Rd8 Ke2 91. Re8+ Kd1 92. Rd8
d2 93. Kh1 Re7 94. Kg2 Ke2 0-1

[Event "ch-ISL"]
[Site "Seltjarnarnes ISL"]
[Date "2002.08.30"]
[Round "11"]
[White "Gunnarsson,J"]
[Black "Bjornsson,S"]
[Result "1/2-1/2"]
[WhiteElo "2357"]
[BlackElo "2357"]
[EventDate "2002.08.20"]

1. e4 c5 2. Nf3 d6 3. d4 cxd4 4. Nxd4 Nf6 5. Nc3 a6 6. Be3 e6 7. g4 b5 8.
Bg2 Bb7 9. a3 Nfd7 10. Qd2 Be7 11. O-O O-O 12. f4 Nc6 13. Nb3 Rc8 1/2-1/2

[Event "ch-ISL"]
[Site "Seltjarnarnes ISL"]
[Date "2002.08.30"]
[Round "11"]
[White "Thorfinnsson,Br"]
[Black "Stefansson,H"]
[Result "1/2-1/2"]
[WhiteElo "2362"]
[BlackElo "2588"]
[EventDate "2002.08.20"]

1. d4 Nf6 2. c4 e6 3. Nf3 b6 4. g3 Ba6 5. b3 d5 6. Bg2 Bb4+ 7. Bd2 Bd6 8.
Ne5 O-O 9. O-O Nbd7 10. Bc3 Ne4 11. Bb2 1/2-1/2

[Event "ch-ISL"]
[Site "Seltjarnarnes ISL"]
[Date "2002.08.30"]
[Round "11"]
[White "Kristjansson,S"]
[Black "Vidarsson,J"]
[Result "1/2-1/2"]
[WhiteElo "2428"]
[BlackElo "2378"]
[EventDate "2002.08.20"]

1. e4 c5 2. Nf3 e6 3. c3 Nf6 4. e5 Nd5 5. Bc4 Nb6 6. Bb3 d6 7. exd6 Qxd6 8.
d4 Nc6 9. O-O Be7 10. dxc5 Qxd1 11. Rxd1 Bxc5 12. Nbd2 O-O 13. Ne4 Be7 14.
Bf4 Na5 15. Bd6 Bxd6 16. Nxd6 Nxb3 17. axb3 1/2-1/2

[Event "ch-ISL"]
[Site "Seltjarnarnes ISL"]
[Date "2002.08.30"]
[Round "11"]
[White "Gretarsson,H"]
[Black "Thorsteinsson,T"]
[Result "1-0"]
[WhiteElo "2505"]
[BlackElo "2332"]
[EventDate "2002.08.20"]

1. d4 d5 2. c4 e6 3. Nc3 Nf6 4. Nf3 Nbd7 5. Bg5 c6 6. e3 Be7 7. Qc2 O-O 8.
Bd3 dxc4 9. Bxc4 Nd5 10. Bxe7 Qxe7 11. O-O Nxc3 12. bxc3 b6 13. Bd3 h6 14.
e4 e5 15. Nd2 Nf6 16. f4 exd4 17. cxd4 Rd8 18. Nf3 Bb7 19. Rae1 c5 20. d5
Rac8 21. Qc4 a6 22. d6 Qf8 23. Ne5 Qxd6 24. Nxf7 Qd4+ 25. Kh1 Bxe4 26. Rxe4
Nxe4 27. Nxd8+ 1-0

[Event "ch-ISL"]
[Site "Seltjarnarnes ISL"]
[Date "2002.08.30"]
[Round "11"]
[White "Bjarnason,S"]
[Black "Gunnarsson,Arn"]
[Result "1/2-1/2"]
[WhiteElo "2264"]
[BlackElo "2282"]
[EventDate "2002.08.20"]

1. e4 e5 2. Nf3 Nc6 3. Bb5 a6 4. Bxc6 dxc6 5. O-O f6 6. d4 exd4 7. Nxd4 Bd6
8. f4 Ne7 9. Be3 O-O 10. Nc3 Qe8 11. f5 Nd5 12. Qd3 Nxc3 13. bxc3 Bd7 14.
Bf4 c5 15. Bxd6 cxd6 16. Nf3 Bc6 17. Qxd6 Qxe4 18. Qxc5 Rac8 19. Rf2 Bd5
20. Qa5 Qxf5 21. Nd4 Qd7 22. Re1 Bc4 23. h3 Rfe8 24. Rb1 Re5 25. Qa3 Qc7
26. Nf5 Rce8 27. Qd6 Rc8 28. a4 Bd5 29. Rb4 Bc6 30. Rc4 Qxd6 31. Nxd6 Rd8
32. Nf5 Rd1+ 33. Kh2 Ra1 34. Rg4 g6 35. Nd4 Bd7 36. Rgf4 f5 37. Nf3 Rd5 38.
Rb4 Bc6 39. Nd4 a5 40. Rb6 Rxa4 41. Nxc6 bxc6 42. Rxc6 Re4 43. c4 Rdd4 44.
Ra6 Re5 45. Ra7 Rde4 46. Rd2 Re7 47. Rxa5 Rxc4 48. Rad5 Rec7 49. Rd8+ Kg7
50. R8d7+ Kf6 51. Rxc7 Rxc7 52. h4 Kg7 53. g3 Kh6 54. Kg2 Rc3 55. Rf2 Kh5
56. Kh2 h6 57. Kg2 Rc4 58. Kh3 Rc5 59. Rd2 g5 60. hxg5 hxg5 61. Rf2 Kg6 62.
Rd2 Rc3 63. Kg2 Kh5 64. Rd4 Rxc2+ 65. Kg1 Re2 66. Ra4 Re4 67. Ra2 Kg4 68.
Kg2 Rc4 69. Rb2 Kh5 70. Ra2 Rd4 71. Rb2 Kg6 72. Rb6+ Kf7 73. Ra6 Re4 74.
Rb6 Re6 75. Rb5 Kf6 76. Ra5 Rd6 77. Rb5 Rd2+ 78. Kg1 Ke6 79. g4 Rd4 80.
gxf5+ 1/2-1/2